000 00868nam a2200253Ia 4500
003 OSt
005 20220916110921.0
006 a|||||r|||| 00| 0
007 ta
008 220915b |||||||| |||| 00| 0 hin d
024 _a269412
037 _cTextbook
040 _bhin
_aARTS
_cARTS
041 _ahin
082 _aO15,1:g(P:75), 152K6
100 _aकाणे, पी वी
245 0 _aसंस्कृत काव्यशास्त्र का इतिहास
246 _aSanskṛut kāvyashāstra kā itihāsa
260 _aदिल्ली
_bमोतीलाल बनारसीदास भारत
_c1966
300 _a553पण्
_ccm.
650 _aहिन्दी साहित्य
942 _hO15,1:g(P:75), 152K6
_cTB
_2CC
999 _c101317
_d101317